000 00624nam a2200205 u 4500
005 20230623063556.0
008 080519s2005 mx r 000 0 spa d
020 _a9681677412
035 _aUPN01000155943
049 _aI
050 4 _aPZ74.9
_bP8.2
100 1 _aPuga, María Luisa,
_d1944-2004
_929884
245 1 0 _aA Lucas todo le sale mal /
_cMaría Luisa Puga ; il. Stefanie Schikora.
260 _aMéxico :
_bFCE,
_c2005.
300 _a20 p. :
_bprincipalmente il.
440 0 _aA la orilla del viento
650 4 _aCuentos infantiles mexicanos
_97723
700 1 _aSchikora, Stefanie,
_eil.
905 _aInfantil
999 _c128057
_d128057